| 000 | 00673nam a2200217 u 4500 | ||
|---|---|---|---|
| 005 | 20240112063601.0 | ||
| 008 | 131127s2008 mx r 000 0 spa d | ||
| 020 | _a9789709833478 | ||
| 035 | _aUPN01000194291 | ||
| 049 | _aC | ||
| 050 | 4 |
_aKGF3008 _bA2.9 2008 |
|
| 110 | 2 |
_aMéxico. _t[Ley Federal para prevenir y eliminar la Discriminación] |
|
| 245 | 1 | 0 | _aLey federal para prevenir y eliminar la discriminación. |
| 250 | _a2a ed. | ||
| 260 |
_aMéxico : _bCONAPRED, _c2008. |
||
| 300 | _a88 p. | ||
| 650 | 4 |
_aIgualdad ante la ley _zMéxico _919246 |
|
| 650 | 4 |
_aDiscriminación _xLeyes y legislación _zMéxico _920911 |
|
| 905 | _aLibro | ||
| 999 |
_c166392 _d166392 |
||